000 00467nam a2200193Ia 4500
005 20250603144540.0
008 250603s9999 xx 000 0 und d
020 _a9781118977101
050 _aTH 146 .E46/
100 _aEmmitt, Stephen
245 0 _aBarry's advanced construction of buildings
250 _a4th ed.
260 _aUnited Kingdom
260 _bWiley-Blackwell
260 _c2019
300 _a545 p
650 _aUnited Kingdom
942 _cBK
999 _c39248
_d39248